Normal view
MARC view
- مقابلة، اسماعيل عبدالمجيد.
Entry Personal Name
001 - CONTROL NUMBER
- control field: 65079
003 - CONTROL NUMBER IDENTIFIER
- control field: JO-AjAnu
005 - DATE AND TIME OF LATEST TRANSACTION
- control field: 20240323124223.0
008 - FIXED-LENGTH DATA ELEMENTS
- fixed length control field: 240323|| aca||aabn | a|a d
040 ## - CATALOGING SOURCE
- Original cataloging agency: JO-AjAnu
100 ## - HEADING--PERSONAL NAME
- Personal name: مقابلة، اسماعيل عبدالمجيد.
- Relator term: معد